00549nam a22002057a 450000500170000001000150001702000110003203500140004303700130005708200110007010000260008124500720010726000410017927000440022030000200026470000120028470000160029670000170031270000140032920240903115500.0 aENG-138231 c695.00 aEN-121763 bDBAD/PUB a891.44 aThompson John Edward  aRabindranath Tagore:bPoet and Dramatist/cBy Edward John Thompson  aWest Bengal bAruna Prakashan c2016 a2,Kalidas Singha LanebKolkata e700009 a336pc22cm(hbk) aB Singh a S K Gautam aM S Chauhan  aSK Singla